| 000 | 00643cam a2200217 4500 | ||
|---|---|---|---|
| 001 | B1997 | ||
| 008 | 090401t1988 xxu||||| |||| 00| 0 eng d | ||
| 035 | _a(Sirsi) u47573 | ||
| 041 | _aeng | ||
| 050 | _a711.552 | ||
| 110 |
_aHenley Centre _91868 |
||
| 245 | 4 | _aThe demand for retail space : a survey of major retailers conducted by the Henley Centre on behalf of Hillier Parker | |
| 260 |
_aLondon _bHenley Centre _c1988 |
||
| 300 | _a15 leaves ; 30cm. | ||
| 350 | _a0 | ||
| 520 | _aAccompanied by 2p. synopsis issued by Hillier Parker. | ||
| 650 | _aFLOORSPACE | ||
| 650 | _aRETAIL DEVELOPMENT | ||
| 942 | _n0 | ||
| 948 | _c04/03/1997 | ||
| 999 |
_c92156 _d92156 |
||